| 000 | 00940nam a2200325Ia 4500 | ||
|---|---|---|---|
| 001 | Para_2185 | ||
| 003 | CHAP | ||
| 008 | 220125s199? xx 000 0 und d | ||
| 010 | _a200607 | ||
| 040 | _cCHAP | ||
| 082 | _aPA 633.1 W3 | ||
| 100 |
_aWarham, E.J. _9121072 |
||
| 245 |
_aEnsayos para la semilla de maíz y de trigo : _b Manual de laboratorio / _c por E.J. Warham; L.D. Butler and B.C. Sutton |
||
| 260 |
_aMéxico, D.F. : _b CIMMYT |
||
| 300 | _a84 p. | ||
| 650 |
_aMaíz _x enférmedades _970939 |
||
| 650 |
_aMaíz _x plagas _971034 |
||
| 650 |
_aTrigo _x enfermedades _9115017 |
||
| 650 |
_aTrigo _x plagas _9115076 |
||
| 700 |
_aButler, L.D. _916438 |
||
| 700 |
_aSutton, B.C. _9110806 |
||
| 710 |
_aCIMMYT _923309 |
||
| 901 | _aPA 633.1 W3 | ||
| 902 | _aM | ||
| 905 | _a000000199? a 0000000000 00 | ||
| 910 | _a199? | ||
| 942 | _cPARA | ||
| 942 |
_cPARA _d1 |
||
| 999 |
_c200607 _d200607 |
||